MARC детайли
| 000 -Лидер |
| Контролно поле с фиксирана дължина |
02867nam a2200457 c 4500 |
| 003 - Код на организацията, давaща контролен номер |
| Контролно поле |
BLK |
| 005 - Дата и час на последна редакция |
| Контролно поле |
20180420231426.0 |
| 008 - Елементи от данни с фиксирана дължина |
| fixed length control field |
180409b bul|||||r ||||||| ||bul|| |
| 010 ## - Наследен системен номер |
| LC control number |
KNG00125493000 |
| 020 ## - Международен стандартен номер на книга ISBN |
| Международен стандартен номер на книга ISBN |
978-954-792-241-9 |
| -- |
издат.: СКОРПИО ви |
| 040 ## - Източник на каталожния запис |
| Идентификатор на билиотеката - собственик на записа |
BLK |
| 041 ## - Код за език |
| Код за езика на текст/звукозапис или на отделно заглавие |
Български |
| Код за езика КДБФ |
Български |
| 072 #7 - Код за тематичната категория |
| Код организация |
bullib |
| Код за тематична категория |
Н61 |
| Текст |
Медицина Н |
| 072 #7 - Код за тематичната категория |
| Код организация |
bullib |
| Код за тематична категория |
Л01 |
| Текст |
Заболявания |
| 080 ## - УДК |
| Текстов определител УДК |
Психофизиология. Висша нервна дейност - Време на психична реакция;внимание, асоциация, памет, фантазия ; инстинкт, възбудимост и усещане (в психологичен смисъл), стрес; воля, съзнателно координиране и |
| УДК код - определител по УДК |
612.821 |
| УДК определител |
(02.062) |
| УДК - код + определител |
612.821(02.062) |
| 080 ## - УДК |
| Текстов определител УДК |
Психиатрична симптоматология. Учение за признаците на психичните заболявания - Разстройства на усещанията и възприятията:дереализация,мнима бременност,халюцинации,еуфория;разстройства на речта,паметта |
| УДК код - определител по УДК |
616.89-008.4 |
| УДК определител |
(02.062) |
| УДК - код + определител |
616.89-008.4(02.062) |
| 080 ## - УДК |
| Текстов определител УДК |
Функционални заболявания на нервната система. Неврози. Невропатии - Хорея, витово хоро, тетания, Паркинсон, наузея - чувство за повръщане и подобни състояния от различен произход(морска болест, въздуш |
| УДК код - определител по УДК |
616.85 |
| УДК определител |
(02.062) |
| УДК - код + определител |
616.85(02.062) |
| 100 1# - Редна дума - Автор |
| Автор |
Трикет, Шърли |
| Авторска отговорност |
първи автор |
| R(LIN) |
131315 |
| 139 ## - Редно поле |
| Редна дума |
Трикет, Шърли |
| Авторски знак |
Три - Т 83 |
| 245 10 - Сведения за заглавието |
| Заглавие |
Как да се справим с тревогата и депресията |
| Подзаглавни данни |
Преодоляване на често срещаните проблеми |
| Редно поле (дума) |
Шърли Трикет; прев. Златка Стаматова. |
| 257 ## - Страна на издаване |
| Страна на създаване/издаване |
България |
| 260 ## - Област на издателските данни |
| -- |
София |
| Име на издателя, разпространителя и проч. |
СКОРПИО ви |
| Година на издаване |
2008 |
| 300 ## - Физическа характеристика |
| Страници |
144 с. |
| Размери/Мащаб |
20 см |
| 380 ## - Жанр |
| Жанр |
Медицина |
| 490 1# - СЕРИИ (Колекции) |
| Име на серия |
Популярна психология, общуване, усъвършенстване |
| 500 ## - Общи забележки |
| Забележка |
Ориг. загл. Coping with anxiety and depression / Shirley Trickett. |
| 650 #4 - Допълнително описание по предмет – тема |
| Основно описание – тема или топоним |
Стрес, психически - преодоляване |
| 9 (RLIN) |
264968 |
| 650 #4 - Допълнително описание по предмет – тема |
| Основно описание – тема или топоним |
Депресии |
| 9 (RLIN) |
153010 |
| 650 #4 - Допълнително описание по предмет – тема |
| Основно описание – тема или топоним |
Неврози |
| 9 (RLIN) |
163845 |
| 653 ## - Ключова дума – ненормативна |
| Ключова дума |
психични болести |
| 653 ## - Ключова дума – ненормативна |
| Ключова дума |
терапия |
| 653 ## - Ключова дума – ненормативна |
| Ключова дума |
психиатрия |
| 659 ## - Тематичен бюлетин |
| Тематичен бюлетин |
Л |
| 659 ## - Тематичен бюлетин |
| Тематичен бюлетин |
Н |
| 700 1# - Други автори (авторска отговорност) |
| Лично име |
Стаматова, Златка |
| Автороска отговорност (Описва отношението между автора и произведението) |
прев. |
| 9 (RLIN) |
312789 |
| 852 ## - Местоположение |
| Форматна сигнатура |
Цб 252760 |
| 856 4# - Електронен адрес и достъп |
| Електронен формат |
pdf - файл |
| Път до файла /url/ |
|
| 856 4# - Електронен адрес и достъп |
| Електронен формат |
pdf - файл |
| Път до файла /url/ |
|
| 942 ## - АРТИКУЛИ |
| Вид на библиотечния материал |
Книги |
| Скрит в OPAC |
Не |
| 944 ## - СЪЗДАВАНЕ И РЕДАКЦИЯ на ЗАПИСА |
| Създаване/Редакция |
Създаване |
| Дата на регистрацията/редакция |
30.08.2011 |
| Служител, извършил регистрацията/редакцията |
Ирена_Линкова |
| 944 ## - СЪЗДАВАНЕ И РЕДАКЦИЯ на ЗАПИСА |
| Създаване/Редакция |
Редакция |
| Дата на регистрацията/редакция |
16.04.2013 |
| Служител, извършил регистрацията/редакцията |
|
| 999 ## - СИСТЕМНИ КОНТРОЛНИ НОМЕРА |
| Koha biblionumber |
119877 |
| Koha biblioitemnumber |
119877 |